Statistiken für Sportquiz 2

Klicken Sie hier um das Quiz zu spielen!

Allgemein

  • Dieses Quiz wurde 113 mal gespielt
  • Das Durchschnittsergebnis liegt bei 10 aus 30

Antwortstatistiken

HintAntwort% Korrekt
Wer ist mit 365 Toren der Rekordtorschütze in der Bundesliga?Gerd Müller
97%
Für welche portugiesische Mannschaft spielte Ronaldo vor seinem ersten Wechsel zu Manchester United?Sporting Lissabon
95%
Der jüngste Cheftrainer in der Bundesliga war bei seinem Debüt 28 Jahre und 205 Tage alt. Um wen handelt es sich?Julian Nagelsmann
71%
Real Madrid ist der Verein mit den meisten Titel in der Champions League, aber wieviel sind es ?13
67%
Welcher ehemalige deutsche Nationalspieler versucht sich als professioneller Wrestler in der WWE?Tim Wiese
66%
Von welcher MLS Franchise ist David Beckham Besitzer?Inter Miami
61%
Während meiner Karriere trug ich die Trikotnummern 7, 17, 28 und 9. Gespielt habe ich in England, Spanien, Italien und Portugal. Von welchem Spieler ist die Rede ?Cristiano Ronaldo
58%
Welches Land stand dreimal im WM-Finale, konnte jedoch keines davon gewinnen?Niederlande
57%
Drei Personen konnten die WM als Spieler und Trainer gewinnen. Mario Zagallo, Didier Deschamps und ...?Franz Beckenbauer
49%
Wie viele Mannschaften waren Teil der ersten Premier-League-Spielzeit?22
47%
In welcher Saison wurde der Europapokal der Landesmeister zur Champions League?1992/1993
45%
Bayern München hat die meisten Meisterschaften gewonnen, aber welche Mannschaft neben Borussia Dortmund belegt den zweiten Platz?Borussia Mönchengladbach
44%
Ich habe in Deutschland, Italien, Österreich und Frankreich gespielt. Ich habe die Serie A gewonnen und schoss das erste Golden Goal im internationalen Fußball. Von welchem Spieler ist die Rede ?Oliver Bierhoff
42%
Welcher spanische Klub hat den Spitznamen "Los Colchoneros", was mit "Matratzenmacher" übersetzt werden kann?Atletico Madrid
35%
Während meiner Karriere spielte ich unter anderem für Chelsea und in der Türkei. Des Weiteren wurde ich viermal Afrikas Fußballer des Jahres. Von welchem Spieler ist die Rede ?Samuel Eto'o
33%
Wer ist mit 260 Toren der Rekordtorschütze in der Premier League?Alan Shearer
30%
Welches Team holte den ersten Titel in der Premier League?Manchester United
24%
Bei welcher Weltmeisterschaft erzielte Diego Maradona sein berühmtes Tor mit der "Hand Gottes"? (Land und Jahr)Mexiko 1986
19%
Ich wurde vom Stürmer zum Verteidiger. Ich habe 11 Spielzeiten beim gleichen Klub verbracht, bevor ich dort sogar Trainer wurde. Ich konnte zweimal die Bundesliga und einmal die Champions League gewinnen. Von welchem Spieler/Trainer ist die Rede ?Jürgen Klopp
14%
Welcher Spieler hat den schnellsten Hattrick in der Premier League erzielt?Sadio Mane
14%
Wer hat hinter Juventus, AC Milan und Inter mit neun Meisterschaften die viertmeisten in der Serie A?Genua
13%
Messi schaffte in Barcelona den Sprung in den Profifußball und verbrachte den Großteil seiner Karriere bei Barca. Aber wie heißt sein Jugendklub?Newell's Old Boys
11%
Nur eine Person konnte die EM als Spieler und Trainer gewinnen. Wer?Berti Vogts
10%
Welcher Spieler hat mit 653 Spielen die meisten Einsätze in der Premier League?Gareth Barry
5%
Cristiano Ronaldo brauchte 25 Spiele für sein erstes Tor in der Champions League. Wahr oder Falsch ?Falsch (es waren 27)
2%
Welcher schwedische Fußballer hatte eine Klausel in seinem Premier-League-Vertrag, die es ihm untersagte, ins Weltall zu fliegen?Stefan Schwarz
2%
Drei Trainer haben die Champions League dreimal gewonnen und teilen sich damit den Rekord. Um wen handelt es sich neben Carlo Ancelotti und Zinedine Zidane?Bob Paisley
1%
Welcher Spieler hält den Rekord für die meisten Titel in der Champions League / Europapokal der Landesmeister ?Francisco Gento
1%
Wie heißt der EM-Pokal?Henri-Delaunay-Pokal
1%
Bislang gab es zwei Ausführungen des WM-Pokals. Wie hieß die erste?Coupe du Monde (bis 1946) bzw. "Weltpokal", Coupe Jules Rimet (bis 1970)
0%

Verteilung der Resultate

Perzentil nach korrekt beantworteten Fragen

Anzahl Personen mit jedem Resultat

Ihre Resultats-Entwicklung

Sie haben dieses Quiz noch nicht gespielt